| 000 | 00687nam a22002177a 4500 | ||
|---|---|---|---|
| 005 | 20241107121414.0 | ||
| 008 | 241107b |||||||| |||| 00| 0 eng d | ||
| 020 | _a9781292059327 | ||
| 050 |
_aT56 _b.R544 REN |
||
| 100 | _aRender Barry | ||
| 245 |
_aQualitative Analysis for Management/ _cBarry Render, Ralph M. Stair, Jr., Michael E. Hanna & Trevor S. Hale; |
||
| 250 | _a12th Ed. | ||
| 260 |
_aBoston; _bPearson Education Ltd.; _c2015; |
||
| 300 |
_a605p; _bcol. ill.; _c27.5 cm x 21.5 cm |
||
| 500 | _aIncludes Index | ||
| 650 | _2Qualitative Analysis | ||
| 700 | _aStair, Ralph M. Jr. | ||
| 700 | _aHanna Michael E. | ||
| 700 | _aHale Trevor S. | ||
| 942 |
_2lcc _cBK _e12th Ed. _n0 |
||
| 999 |
_c791 _d791 |
||